000 00859nmm a2200277 a 4500
001 ocm000588675
003 TR-IsHL
005 20201028122719.0
008 110704s2004 tu tur
007 cr cn
020 _a9789757950196
035 _a588675
_b(N$T)
050 0 4 _aPL248.Ö99
_bK8 2004
090 0 4 _aPL248.Ö99
_bK8 2004
100 1 _aÖzcan, Ali Osman
245 1 0 _aKumdan halat yapmak
_h[electronic resource] /
_cAli Osman Özcan
250 _a1. bs.
260 _aİstanbul :
_bYesevi Yayıncılık,
_c2004
300 _a160 p.
650 4 _aDil ve Edebiyat
650 4 _aLanguage and Literature
650 0 _aMakaleler, Türk
650 0 _aArticles, Turkish
650 7 _aLITERARY COLLECTIONS / Middle Eastern
_2bisacsh
856 4 0 _uhttp://search.ebscohost.com/login.aspx?direct=true&scope=site&db=e011xww&AN=588675
999 _c2015
_d2015